The Pakistan Lawyer's Movement: (Record no. 587034)

000 -LEADER
fixed length control field 00399nam a22001337a 4500
082 ## - DEWEY DECIMAL CLASSIFICATION NUMBER
Classification number 340.092 MAL
100 ## - MAIN ENTRY--PERSONAL NAME
Personal name Malik, Muneer A.
245 ## - TITLE STATEMENT
Title The Pakistan Lawyer's Movement:
Remainder of title An Unfinished Agenda /
Statement of responsibility, etc. Muneer A. Malik
260 ## - PUBLICATION, DISTRIBUTION, ETC.
Place of publication, distribution, etc. Karachi :
Name of publisher, distributor, etc. Pakistan Law House,
Date of publication, distribution, etc. 2008.
300 ## - PHYSICAL DESCRIPTION
Extent 383 p. ;
Dimensions 22 cm.
942 ## - ADDED ENTRY ELEMENTS (KOHA)
Source of classification or shelving scheme
Koha item type Book
Holdings
Withdrawn status Lost status Source of classification or shelving scheme Damaged status Not for loan Permanent Location Current Location Shelving location Date acquired Source of acquisition Total Checkouts Full call number Barcode Checked out Date last seen Date last checked out Price effective from Koha item type
          NUST Law School (NLS) NUST Law School (NLS) Law 12/03/2021 Pakistan Law House 3 340.092 MAL CL-889 06/06/2025 05/07/2025 05/07/2025 12/03/2021 Book
          NUST Law School (NLS) NUST Law School (NLS)   03/03/2025     340.092 MAL NLS-388   03/03/2025   03/03/2025 Book
          NUST Law School (NLS) NUST Law School (NLS)   03/03/2025     340.092 MAL NLS-389   03/03/2025   03/03/2025 Book
          NUST Law School (NLS) NUST Law School (NLS)   03/03/2025     340.092 MAL NLS-390   03/03/2025   03/03/2025 Book
          NUST Law School (NLS) NUST Law School (NLS)   03/19/2025     340.092 MAL NLS-1528   03/19/2025   03/19/2025 Book
© 2023 Central Library, National University of Sciences and Technology. All Rights Reserved.